000 00452nam a2200157Ia 4500
008 240729s9999 xx 000 0 und d
022 _a1971-7458
245 0 _aiForest - Biogeosciences and Forestry
260 _aItaly
260 _bItalian Society of Silviculture and Forest Ecology (SISEF)
650 _a Forestry
650 _aAgriculture
856 _uhttps://doaj.org/toc/33b9e49e1a7546338b5085f99896a829
942 _2ddc
942 _cDOAJEJ
999 _c66866
_d66866
945 _a1
_bMadushi Gamage
_c1
_dMadushi Gamage